00537nam a2200157Ia 450000500170000000800410001708200230005810000180008124500110009926000420011030000120015250000950016494200060025995200990026599900150036420250310031432.0240331s9999 xx 000 0 und d bYOG25131a894.811 aYoganathan, S 0aJanagi aMadras,bKalaignaan Pathippagamc1985 a132 p., aA story on overcoming life's struggles by the youth, which is usually mistaken to be love. cL 001040708LaWERCLbWERCLcSSCd2024-03-31l0o 894.811 YOGp5131r2024-03-31w2024-03-31yL c3796d3796